Представление документа в формате RUSMARC

ПолеНазваниеЗначение
  Тип записи a
  Библиографический уровень a
001 Контрольный номер 5c32a53b7af947ddb2e6710f9f4e7ffe
005 Дата корректировки 20241112131805.6
100 Данные общей обработки __
a Данные общей обработки 20241112 ||| 0rusy0189 ca
101 Язык документа 0_
a Язык текста rus
102 Страна публикации __
a Страна публикации RU
200 Заглавие и сведения об ответственности 1_
a Заглавие Екатерина Тур: "Мы забыли, что можно просто говорить"
e Сведения, относящиеся к заглавию [интервью с психосоматологом Екатериной Тур]
f Первые сведения об ответственности беседу вела Катерина Скобелева
461 Уровень набора _0
1 2000
a Маруся
463 Уровень физической единицы _0
1 2000
a № 11 (379)
v С. 36-37 : фот., ил.
1 2101
d 2024
1 001870fb41d536b45e08b2025a00ec46693
600 Персоналии _1
a Персоналии (Фамилия) Тур
g Полное имя Екатерина
606 Тематические рубрики 0_
a Основная рубрика Психология состояний
610 Ключевые слова 0_
a Ключевые слова психология состояний, психосоматика, психосоматология, психосоматические расстройства, врачи-психосоматологи, книги по психосоматологии, книги по психосоматике, интервью с психологом, интервью с писателем, интервью с психосоматологом
686 Индексы других классификаций __
a Классификационный индекс 88.2
801 Источник записи _0
a Страна RU
b Организация УОБДЮ
c Дата составления 20241112
g Правила каталогизации RCR
801 Источник записи _1
a Страна RU
b Организация УОБДЮ
c Дата составления 20241112
g Правила каталогизации RCR
901 Тип документа __
t Тип документа b
w Контрольный № источника 870fb41d536b45e08b2025a00ec46693
905 Данные по созданию БЗ __
b Логин пользователя, который создал БЗ ibo10